Elam Ohnivák /

Guardado en:
Detalles Bibliográficos
Autor principal: LONDON, Jack (Autor)
Otros Autores: BRANKO, Pavel (Traductor)
Formato: Libro
Lenguaje:eslovaco
Publicado: Bratislava Slovenské vydavateľstvo krásnej literatúry 1964
Edición:2. vydanie
Colección:Hviezdoslavova knižnica 103. zväzok
Etiquetas: Agregar Etiqueta
Sin Etiquetas, Sea el primero en etiquetar este registro!

MARC

LEADER 00000nam a22000003a 4500
001 0102444
003 SK-STU
005 20230607125958.4
007 ta
008 230607s ----xo-----e------000-0-----d
040 |a STU  |b slo 
041 0 |a slo 
044 |a xo 
100 1 |a LONDON, Jack  |4 aut 
245 1 0 |a Elam Ohnivák /  |c aut. Jack LONDON ; prekl. Pavel BRANKO 
250 |a 2. vydanie 
260 |a Bratislava  |b Slovenské vydavateľstvo krásnej literatúry  |c 1964 
300 |a 284 s. 
490 0 |a Hviezdoslavova knižnica  |v 103. zväzok 
700 1 |a BRANKO, Pavel  |4 trl 
996 |c I* 4SOA13928  |l I  |s A  |a 24  |w 0102444_0001